Entebbe International Airport Destinations (Entebbe, Uganda) - Statistics

General Stats
  • This quiz has been taken 88 times
    39 since last reset
  • The average score is 22 of 46
Answer Stats
Airline Destination % Correct
Ethiopian Airlines Addis Ababa
100%
Qatar Airways Doha
100%
Emirates/flydubai/Uganda Airlines Dubai (International)
100%
Turkish Airlines Istanbul
100%
Fly-SAX/Jambojet/Kenya Airways/RwandAir/Uganda Airlines Nairobi (Jomo Kenyatta)
100%
Egyptair Cairo
97%
Air Tanzania/Uganda Airlines Dar es Salaam
97%
Uganda Airlines Johannesburg (O.R. Tambo)
94%
Uganda Airlines Kinshasa (N'djili)
94%
KLM Amsterdam
90%
Brussels Airlines Brussels
90%
Uganda Airlines Lagos
90%
Uganda Airlines London (Gatwick)
90%
Kenya Airways/RwandAir Kigali
87%
Uganda Airlines Abuja
84%
Uganda Airlines Mombasa
81%
flynas Riyadh
81%
Uganda Airlines Mogadishu
77%
Uganda Airlines Zanzibar
77%
Badr Airlines/Ethiopian Airlines/Golden Wings Aviation/RwandAir/Uganda Airlines Juba
71%
Uganda Airlines Harare
68%
Uganda Airlines Bujumbura
61%
Uganda Airlines Lusaka
61%
Kenya Airways Bangui
55%
Air Arabia Sharjah
52%
Air Tanzania/Uganda Airlines Kilimanjaro
42%
Tarco Aviation Port Sudan
29%
Uganda Airlines Mumbai
26%
Aerolink Uganda Kisumu
16%
Eagle Air Arua
6%
BAR Aviation Uganda Mbarara
6%
Aerolink Uganda/BAR Aviation Uganda/Eagle Air Kasese
3%
Aerolink Uganda/BAR Aviation Uganda Kihihi
3%
Aerolink Uganda/BAR Aviation Uganda/Eagle Air Kisoro
3%
Aerolink Uganda/BAR Aviation Uganda/Eagle Air Pakuba
3%
Eagle Air Yei
3%
Eagle Air Apoka
0%
Aerolink Uganda Bugungu
0%
Aerolink Uganda Chobe
0%
Eagle Air Ishasha
0%
Aerolink Uganda/BAR Aviation Uganda Kidepo
0%
Aerolink Uganda Masai Mara
0%
Aerolink Uganda/Eagle Air Mweya
0%
Aerolink Uganda/Eagle Air Semliki
0%
Auric Air Seronera
0%
Eagle Air Soroti
0%
No matching quizzes found
Score Distribution
Percent of People with Each Score
Percentile by Number Answered
Your Score History
You have not taken this quiz since the last reset